Introducción a los estudios de caso en la investigación de mercado /

sin resumen

Guardado en:
書目詳細資料
主要作者: Quilkey, John
其他作者: Bustamante, W.
格式: 未知
語言:Spanish
標簽: 添加標簽
沒有標簽, 成為第一個標記此記錄!

MARC

LEADER 00000 a2200000 04500
003 cru CIDCACS/IIS
005 20220616084424.0
008 200723b1990 -cn|||||r|||||||| ||spa|d
040 |c cru CIDCACS/IIS 
100 1 |a Quilkey, John  |9 9470 
245 1 |a Introducción a los estudios de caso en la investigación de mercado /  |c John Quilkey 
300 |a página 51-57 
520 |a sin resumen  
700 1 |9 9469  |a Bustamante, W. 
773 0 |0 43268  |9 4737  |a Young, R. H.   |d Ottawa: IDRC, 1990  |o 12763  |t Estudios de mercado para productos alimenticios y procesamiento de alimentos en los países en desarrollo /  
942 |2 ddc  |c LI 
999 |c 43272  |d 43272